Turismo rural comunitario, iniciativa diferenciada en Costa Rica /

Uloženo v:
Podrobná bibliografie
Hlavní autor: Solano Pacheco, Leyla
Médium: Text
Tagy: Přidat tag
Žádné tagy, Buďte první, kdo vytvoří štítek k tomuto záznamu!

MARC

LEADER 00000 a a2200000 04500
001 44903
003
040
100 |a Solano Pacheco, Leyla  
245 |a Turismo rural comunitario, iniciativa diferenciada en Costa Rica /  |c Leyla Solano Pacheco  
773 |g número135 (2008), páginas 10-15 : fotos  
999 |c 39224  |d 39224